000 00404nam a22001697a 4500
003 OSt
005 20260323131853.0
008 260323b |||||||| |||| 00| 0 eng d
020 _a9789390035922
040 _cBGL
100 _aDikshitar V.R Rama Chandra
245 _aThe Silappadikaram
260 _aNew Delhi
_bManohar Publication
_c2025
300 _a392p
650 _aEnglish
942 _2ddc
_cREF
999 _c44331
_d44331